[Event "Moravia-Silesia Region-chT 2223"]
[Site "Czech Republic"]
[Date "2023.03.19"]
[Round "10"]
[White "Zidek, Daniel"]
[Black "Podlesny, Pavel"]
[Result "0-1"]
[WhiteElo "1786"]
[BlackElo "2034"]
[PlyCount "116"]
[EventDate "2022.10.09"]
[EventType "team-tourn"]
[EventRounds "11"]
[EventCountry "CZE"]
[SourceTitle "EXT 2024"]
[Source "ChessBase"]
[SourceDate "2023.10.10"]
[SourceVersion "1"]
[SourceVersionDate "2023.10.10"]
[SourceQuality "1"]
[WhiteTeam "Frydek Mistek IV"]
[BlackTeam "Havirov Banik"]
[WhiteTeamCountry "CZE"]
[BlackTeamCountry "CZE"]

1. d4 d5 2. c4 c6 3. Nc3 Nf6 4. Nf3 Bf5 5. Bg5 Nbd7 6. e3 Qb6 7. Qd2 e6 8. c5 Qc7 9. Rc1 e5 10. Bxf6 gxf6 11. Be2 Rg8 12. Nh4 Be6 13. 0-0 Be7 14. g3 Bh3 15. Rfd1 Rg7 16. b4 h5 17. b5 e4 18. Ng2 Bg4 19. Nf4 h4 20. Bxg4 Rxg4 21. Rc2 f5 22. Rb1 Bf8 23. Ncxd5 cxd5 24. Nxd5 Qd8 25. c6 Nb6 26. cxb7 Qxd5 27. bxa8Q+ Qxa8 28. Rbc1 Bd6 29. Rc6 Qb8 30. a4 hxg3 31. hxg3 Bxg3 32. Kf1 Bh4 33. Rc7 Bd8 34. Qc3 Qxc7 35. Qxc7 Bxc7 36. Rxc7 Nxa4 37. Rxa7 Nb6 38. Ra6 Rg6 39. f3 Kd7 40. Kf2 Rd6 41. fxe4 fxe4 42. Kg3 Ke6 43. Kf4 f5 44. Kg5 Nc8 45. Rxd6+ Nxd6 46. b6 Nb7 47. Kg6 Nd8 48. Kg5 Nf7+ 49. Kg6 Nd6 50. Kg5 Kd5 51. b7 Nxb7 52. Kxf5 Nd6+ 53. Kg4 Nb5 54. Kg3 Kc4 55. Kf4 Nc3 56. Ke5 Kd3 57. Kf4 Nd5+ 58. Ke5 Nxe3 0-1

[Event "Moravia-Silesia Region-chT 2223"]
[Site "Czech Republic"]
[Date "2022.11.13"]
[Round "3"]
[White "Nytra, Petr"]
[Black "Podlesny, Pavel"]
[Result "1/2-1/2"]
[WhiteElo "1994"]
[BlackElo "2071"]
[PlyCount "79"]
[EventDate "2022.10.09"]
[EventType "team-tourn"]
[EventRounds "11"]
[EventCountry "CZE"]
[SourceTitle "EXT 2024"]
[Source "ChessBase"]
[SourceDate "2023.10.10"]
[SourceVersion "1"]
[SourceVersionDate "2023.10.10"]
[SourceQuality "1"]
[WhiteTeam "Orlova Slavia III"]
[BlackTeam "Havirov Banik"]
[WhiteTeamCountry "CZE"]
[BlackTeamCountry "CZE"]

1. e4 e6 2. d4 d5 3. Nd2 Nf6 4. Bd3 c5 5. c3 dxe4 6. Nxe4 cxd4 7. cxd4 Nc6 8. Nf3 Nb4 9. Bb5+ Bd7 10. Nxf6+ gxf6 11. Bxd7+ Qxd7 12. 0-0 Bd6 13. a3 Nd5 14. Re1 Rg8 15. Qc2 Rg7 16. Bh6 Rg6 17. Bd2 Bf4 18. Rac1 Rd8 19. Re4 Bxd2 20. Qxd2 Ke7 21. Nh4 Rg5 22. g3 Rdg8 23. f4 Rh5 24. Kh1 f5 25. Re5 Kf8 26. Qd1 Nf6 27. Rec5 Kg7 28. R1c4 Rxh4 29. gxh4 b6 30. Re5 Ng4 31. Qf3 Nxe5 32. fxe5 Kh8 33. d5 exd5 34. Rf4 Qc7 35. Rxf5 Qc1+ 36. Qf1 Qxb2 37. Rg5 Rg6 38. h5 Rxg5 39. Qf6+ Rg7 40. Qd8+ 1/2-1/2

[Event "Moravia-Silesia Region-chT 2223"]
[Site "Czech Republic"]
[Date "2022.10.09"]
[Round "1"]
[White "Kopecky, Bretislav"]
[Black "Podlesny, Pavel"]
[Result "1/2-1/2"]
[WhiteElo "1987"]
[BlackElo "2069"]
[PlyCount "79"]
[EventDate "2022.10.09"]
[EventType "team-tourn"]
[EventRounds "11"]
[EventCountry "CZE"]
[SourceTitle "EXT 2024"]
[Source "ChessBase"]
[SourceDate "2023.10.10"]
[SourceVersion "1"]
[SourceVersionDate "2023.10.10"]
[SourceQuality "1"]
[WhiteTeam "Petrovice Inter"]
[BlackTeam "Havirov Banik"]
[WhiteTeamCountry "CZE"]
[BlackTeamCountry "CZE"]

1. d4 d5 2. c4 c6 3. Nc3 Nf6 4. Nf3 dxc4 5. a4 Bf5 6. e3 e6 7. Bxc4 Nbd7 8. 0-0 Be7 9. Re1 0-0 10. e4 Bg6 11. Bd3 Bh5 12. e5 Nd5 13. Nxd5 cxd5 14. Bxh7+ Kxh7 15. Ng5+ Bxg5 16. Qxh5+ Bh6 17. Ra3 Nf6 18. exf6 Qxf6 19. Bxh6 gxh6 20. Rf3 Qg6 21. Qxg6+ Kxg6 22. Rc3 b5 23. axb5 Rfb8 24. Rc5 a6 25. Ra1 axb5 26. Rxa8 Rxa8 27. Kf1 Ra4 28. Rxb5 Rxd4 29. Ke2 Kf5 30. f3 Ke5 31. g3 h5 32. Ke3 Rd1 33. Rb7 d4+ 34. Ke2 Rh1 35. Rb5+ Kd6 36. Rxh5 e5 37. g4 Rb1 38. Rh6+ Kc5 39. Rf6 Rxb2+ 40. Kd3 1/2-1/2

[Event "CZE-chT2F 1718"]
[Site "Czech Republic"]
[Date "2018.02.25"]
[Round "9.5"]
[White "Podlesny, Pavel"]
[Black "Maj, Svatopluk"]
[Result "1-0"]
[WhiteElo "2112"]
[BlackElo "1902"]
[PlyCount "53"]
[EventDate "2017.10.15"]
[EventType "team-tourn"]
[EventRounds "11"]
[EventCountry "CZE"]
[SourceTitle "EXT 2022"]
[Source "ChessBase"]
[SourceDate "2021.10.06"]
[SourceVersion "1"]
[SourceVersionDate "2021.10.06"]
[SourceQuality "1"]
[WhiteTeam "Havirov Banik"]
[BlackTeam "Vrbno pod Pradedem"]
[WhiteTeamCountry "CZE"]
[BlackTeamCountry "CZE"]

1. d4 Nf6 2. c4 g6 3. Nc3 Bg7 4. e4 d6 5. Bd3 0-0 6. Nge2 e5 7. d5 Nbd7 8. Bg5 h6 9. Bd2 c6 10. f3 Ne8 11. Ng3 Nc5 12. Bc2 a5 13. Be3 Qc7 14. Qd2 Kh7 15. h4 f5 16. exf5 gxf5 17. Nh5 Qf7 18. g4 e4 19. Nxg7 Qxg7 20. 0-0-0 exf3 21. Rhg1 Qf6 22. g5 Qe7 23. g6+ Kg8 24. Bxh6 Ng7 25. Bg5 Qe8 26. Rde1 Qxg6 27. Bh6 1-0

[Event "CZE-chT2F 1718"]
[Site "Czech Republic"]
[Date "2018.02.11"]
[Round "8.6"]
[White "Podlesny, Pavel"]
[Black "Zidek, Vaclav"]
[Result "1/2-1/2"]
[WhiteElo "2112"]
[BlackElo "2129"]
[PlyCount "157"]
[EventDate "2017.10.15"]
[EventType "team-tourn"]
[EventRounds "11"]
[EventCountry "CZE"]
[SourceTitle "EXT 2022"]
[Source "ChessBase"]
[SourceDate "2021.10.06"]
[SourceVersion "1"]
[SourceVersionDate "2021.10.06"]
[SourceQuality "1"]
[WhiteTeam "Havirov Banik"]
[BlackTeam "Poruba Slavoj II"]
[WhiteTeamCountry "CZE"]
[BlackTeamCountry "CZE"]

1. d4 d5 2. c4 c6 3. Nc3 dxc4 4. a4 e5 5. dxe5 Qxd1+ 6. Kxd1 Be6 7. e4 Na6 8. f4 0-0-0+ 9. Bd2 Nc5 10. Rc1 Nb3 11. Rc2 Nh6 12. f5 Bxf5 13. Bxc4 Bg4+ 14. Ke1 Nxd2 15. Rxd2 Bc5 16. Nf3 Rxd2 17. Kxd2 Rd8+ 18. Kc2 Be3 19. Rf1 Bxf3 20. Rxf3 Rd2+ 21. Kb3 Bd4 22. e6 fxe6 23. Bxe6+ Kd8 24. g4 Ke7 25. Bc8 b6 26. Rh3 Rg2 27. Rd3 c5 28. h3 Nf7 29. Ba6 Ne5 30. Rd1 Rg3 31. Bf1 g5 32. Kc2 Bxc3 33. bxc3 Re3 34. a5 Rxe4 35. axb6 axb6 36. Rb1 Rf4 37. Re1 Kd6 38. Rd1+ Ke7 39. Re1 Kd6 40. Rd1+ Kc7 41. Bb5 Rf2+ 42. Kb3 Rf6 43. Ra1 Nc6 44. Ra8 h6 45. Rh8 Ne7 46. Ra8 Ng6 47. Ra7+ Kd6 48. Rd7+ Ke5 49. Rd1 Rd6 50. Rf1 Ke4 51. Ba6 Ke3 52. Bb7 Ke2 53. Ba6+ Ke3 54. Bb7 Nf4 55. Rf3+ Kd2 56. h4 Rd3 57. Rf2+ Ke1 58. Rh2 gxh4 59. Rxh4 Rd6 60. Ba6 Kf2 61. Rh1 Kg3 62. Rg1+ Kh2 63. Rf1 Kg3 64. Rg1+ Kh4 65. Bc8 Ne2 66. Re1 Nf4 67. Kc4 Ng2 68. Re4 Kg3 69. Kb5 Nf4 70. c4 Kf3 71. Re7 Ng6 72. Re6 Rxe6 73. Bxe6 Ne5 74. Kxb6 Nxg4 75. Kxc5 Ne5 76. Kd6 Ke4 77. c5 h5 78. c6 Nxc6 79. Kxc6 1/2-1/2

[Event "CZE-chT2F 1718"]
[Site "Czech Republic"]
[Date "2017.12.17"]
[Round "5.5"]
[White "Beseda, Roman"]
[Black "Podlesny, Pavel"]
[Result "1/2-1/2"]
[WhiteElo "2076"]
[BlackElo "2112"]
[PlyCount "86"]
[EventDate "2017.10.15"]
[EventType "team-tourn"]
[EventRounds "11"]
[EventCountry "CZE"]
[SourceTitle "EXT 2022"]
[Source "ChessBase"]
[SourceDate "2021.10.06"]
[SourceVersion "1"]
[SourceVersionDate "2021.10.06"]
[SourceQuality "1"]
[WhiteTeam "Dobra"]
[BlackTeam "Havirov Banik"]
[WhiteTeamCountry "CZE"]
[BlackTeamCountry "CZE"]

1. e4 e5 2. Nc3 Bc5 3. Nf3 d6 4. Na4 Nd7 5. Nxc5 Nxc5 6. d3 f5 7. exf5 Bxf5 8. Be3 Qf6 9. Bxc5 dxc5 10. Qd2 0-0-0 11. 0-0-0 Re8 12. Qe3 Qh6 13. Re1 e4 14. Nd2 Qxe3 15. Rxe3 Nf6 16. dxe4 Nxe4 17. Bd3 Nd6 18. Rhe1 Bxd3 19. Rxe8+ Rxe8 20. Rxe8+ Nxe8 21. cxd3 Kd7 22. Ne4 Kc6 23. Kd2 Kd5 24. Ke3 b5 25. Nc3+ Kc6 26. Ne4 a5 27. b3 Nd6 28. g4 Kd5 29. f4 c4 30. bxc4+ bxc4 31. Nxd6 cxd6 32. dxc4+ Kxc4 33. f5 d5 34. g5 d4+ 35. Kd2 Kd5 36. f6 gxf6 37. gxf6 Ke6 38. f7 Kxf7 39. Kd3 Ke6 40. Kxd4 Kf5 41. Kc5 Kg4 42. Kb5 Kh3 43. Kxa5 Kxh2 1/2-1/2

[Event "CZE-chT1E 1617"]
[Site "Czech Republic"]
[Date "2017.02.19"]
[Round "8.3"]
[White "Podlesny, Pavel"]
[Black "Cempel, Jaroslav"]
[Result "1/2-1/2"]
[WhiteElo "2093"]
[BlackElo "2174"]
[PlyCount "22"]
[EventDate "2016.10.16"]
[EventType "team-tourn"]
[EventRounds "11"]
[EventCountry "CZE"]
[SourceTitle "CBM 177 Extra"]
[Source "ChessBase"]
[SourceDate "2017.04.27"]
[SourceVersion "1"]
[SourceVersionDate "2017.04.27"]
[SourceQuality "1"]
[WhiteTeam "Havirov Banik"]
[BlackTeam "Opava KVS"]
[WhiteTeamCountry "CZE"]
[BlackTeamCountry "CZE"]

1. d4 f5 2. c4 Nf6 3. Nc3 e6 4. Bf4 d5 5. e3 c6 6. Nf3 Be7 7. Bd3 Ne4 8. Ne5 0-0 9. Bxe4 fxe4 10. Qg4 Bf6 11. 0-0 Qe7 1/2-1/2

[Event "CZE-chT2F 1516"]
[Site "Czech Republic"]
[Date "2015.11.22"]
[Round "3.13"]
[White "Bosak, Jan"]
[Black "Podlesny, Pavel"]
[Result "1-0"]
[WhiteElo "2148"]
[BlackElo "2117"]
[PlyCount "103"]
[EventDate "2015.10.18"]
[EventType "team-tourn"]
[EventRounds "11"]
[EventCountry "CZE"]
[SourceTitle "EXT 2022"]
[Source "ChessBase"]
[SourceDate "2021.10.06"]
[SourceVersion "1"]
[SourceVersionDate "2021.10.06"]
[SourceQuality "1"]
[WhiteTeam "Vsetin"]
[BlackTeam "Havirov Banik"]
[WhiteTeamCountry "CZE"]
[BlackTeamCountry "CZE"]

1. c4 e5 2. Nc3 d6 3. Nf3 f5 4. d4 e4 5. Ng5 Be7 6. Nh3 Be6 7. Nf4 Bf7 8. e3 Nf6 9. Be2 Nbd7 10. Bd2 c6 11. h4 Qc7 12. Qc2 Nb6 13. b3 d5 14. c5 Nbd7 15. b4 Nf8 16. b5 Ne6 17. Rb1 Nxf4 18. exf4 0-0 19. h5 Ng4 20. Be3 Bf6 21. g3 Rfc8 22. Kf1 b6 23. Na4 cxb5 24. Bxb5 a6 25. Be2 b5 26. Nc3 Qd7 27. Qd2 Rd8 28. Kg2 Rac8 29. a4 bxa4 30. Rb6 Rb8 31. Rxa6 Ra8 32. Bb5 Qb7 33. Rb6 Qc7 34. Bxa4 Rdb8 35. Rhb1 Bxh5 36. Nxd5 Qd8 37. Rxb8 Rxb8 38. Rxb8 Qxb8 39. Qa2 Bf7 40. Bb3 Kh8 41. Bc4 Bd8 42. Nb6 Bh5 43. Qa8 Qc7 44. Nd5 Qa5 45. Qxa5 Bxa5 46. Ne7 Nh6 47. d5 Bf7 48. Bd4 Bd8 49. Nc6 Bc7 50. Ne5 Be8 51. d6 Bd8 52. c6 1-0

[Event "CZE-chT2F 1415"]
[Site "Czech Republic"]
[Date "2015.02.22"]
[Round "8.35"]
[White "Cupek, Martin"]
[Black "Podlesny, Pavel"]
[Result "0-1"]
[WhiteElo "2058"]
[BlackElo "2048"]
[PlyCount "66"]
[EventDate "2014.11.02"]
[EventType "team-tourn"]
[EventRounds "11"]
[EventCountry "CZE"]
[SourceTitle "EXT 2022"]
[Source "ChessBase"]
[SourceDate "2021.10.06"]
[SourceVersion "1"]
[SourceVersionDate "2021.10.06"]
[SourceQuality "1"]
[WhiteTeam "Mosty u Jablunkova"]
[BlackTeam "Havirov Banik"]
[WhiteTeamCountry "CZE"]
[BlackTeamCountry "CZE"]

1. d3 d5 2. Nd2 e5 3. e4 c6 4. Qe2 d4 5. c4 Bd6 6. g3 Nd7 7. Nh3 Ngf6 8. f4 Qc7 9. Nf2 h6 10. Bh3 Nf8 11. Nf3 Bxh3 12. Nxh3 Bb4+ 13. Kf1 Bd6 14. b4 Bxb4 15. Nxe5 N8d7 16. Rb1 Bc5 17. Nf3 0-0-0 18. Nf2 Rhe8 19. Qd2 Nh5 20. Kg2 Rg8 21. h4 Nf8 22. a4 Ne6 23. Qd1 Nf6 24. Nd2 g5 25. hxg5 hxg5 26. Rh6 gxf4 27. Rxf6 Rxg3+ 28. Kf1 Qe5 29. Rxf7 Rdg8 30. Rf5 Qg7 31. Qh5 Rh8 32. Qf7 Rh1+ 33. Ke2 Re3# 0-1

[Event "Havirov op 14th"]
[Site "Havirov"]
[Date "2013.09.01"]
[Round "9"]
[White "Podlesny, Pavel"]
[Black "Skockova, Katerina"]
[Result "1-0"]
[WhiteElo "2109"]
[BlackElo "1771"]
[PlyCount "44"]
[EventDate "2013.08.24"]
[EventType "swiss"]
[EventRounds "9"]
[EventCountry "CZE"]
[SourceTitle "CBM 156 Extra"]
[Source "ChessBase"]
[SourceDate "2013.10.22"]
[SourceVersion "1"]
[SourceVersionDate "2013.10.22"]
[SourceQuality "1"]

1. d4 d5 2. c4 Nf6 3. Nc3 e6 4. Bf4 c6 5. e3 Nbd7 6. Nf3 Be7 7. h3 0-0 8. c5 Qa5 9. a3 Ne4 10. b4 Qd8 11. Qc2 Nxc3 12. Qxc3 Bf6 13. Bd3 Re8 14. g4 a5 15. b5 cxb5 16. Bxb5 a4 17. Rb1 Ra7 18. 0-0 Be7 19. Rb4 f5 20. gxf5 exf5 21. Rxa4 Rxa4 22. Bxa4 Bh4 1-0

[Event "Havirov op 14th"]
[Site "Havirov"]
[Date "2013.08.31"]
[Round "8"]
[White "Didi, Jan"]
[Black "Podlesny, Pavel"]
[Result "1-0"]
[WhiteElo "2054"]
[BlackElo "2109"]
[PlyCount "73"]
[EventDate "2013.08.24"]
[EventType "swiss"]
[EventRounds "9"]
[EventCountry "CZE"]
[SourceTitle "CBM 156 Extra"]
[Source "ChessBase"]
[SourceDate "2013.10.22"]
[SourceVersion "1"]
[SourceVersionDate "2013.10.22"]
[SourceQuality "1"]

1. e4 e5 2. Nf3 Nc6 3. Bb5 Bc5 4. 0-0 Nge7 5. c3 Ng6 6. d4 Bd6 7. dxe5 Ncxe5 8. Nxe5 Bxe5 9. f4 c6 10. Bd3 Bc7 11. Be3 d5 12. e5 Ne7 13. Na3 Bf5 14. Nc2 Qd7 15. Bc5 Bb6 16. Bxb6 axb6 17. Ne3 Bxd3 18. Qxd3 0-0-0 19. a4 Kc7 20. a5 bxa5 21. Rxa5 Ra8 22. Rfa1 Rxa5 23. Rxa5 Rb8 24. Ra1 g6 25. b4 Kd8 26. h3 h5 27. c4 dxc4 28. Qxc4 Ke8 29. Rd1 Qe6 30. Qd4 Nf5 31. Nxf5 gxf5 32. Qd2 Ke7 33. Qf2 Qg6 34. Rd6 Qh7 35. Qb6 Rg8 36. Qc7+ Kf8 37. Qd8+ 1-0